| 000 | 00566nam a2200217 i 4500 | ||
|---|---|---|---|
| 001 | bg | ||
| 100 | 1 | _aOSIAK, Sławomir | |
| 245 | 0 |
_aNorton Commander 5.0 : _bkrok po kroku : wersja polska i angielska / _cSławomir Osiak. |
|
| 260 |
_aWarszawa : _bMIKOM, _c1996. |
||
| 300 |
_a246 s. ; _c24 cm. |
||
| 504 | _aIndeks. | ||
| 630 | 0 | 9 | _aNorton Commander |
| 655 | _aPodręczniki | ||
| 020 | _a8371580371 | ||
| 040 | _cBPK | ||
| 041 | _apol | ||
| 080 | _a681.322.06(07) | ||
| 920 | _a83-7158-037-1 | ||
| 942 | _cKS | ||
| 008 | s pl f |000 0 pol | ||
| 999 |
_c24669 _d24669 |
||
| 856 |
_uhttp://koha.tu.koszalin.pl/cgi-bin/koha/opac-detail.pl?biblionumber=24669 _yKatalog online BPK |
||